000
00356nam a2200145Ia 4500
008
090122s9999 xx 000 0 und d
082
_b
4207
_a
891.463
100
_a
कदम
_b
बाबा
245
_a
पद्मजा
600
_a
कदम
630
_a
पद्मजा
700
_a
कदम
730
_a
पद्मजा
942
_c
BOOK
999
_c
28285
_d
28285